LEADER 00484nab a2200133 i 4500 001 000000325808 003 CaOOAMICUS 005 20180831173509.0 008 180831n it uu u0 0ita r 013 $a36880 040 $aSeMil$bita 245 10$aBiennio Teologico. Brevi di cronaca. - In [rubrica] :$bNotizie dai Seminari. 773 0 $t[APRILE 1999]. - 32 p.$gp.13$w()288215 996 $6245$aBiennio Teologico. Brevi di cronaca. - In [rubrica] :$bNotizie dai Seminari.$9(OLS)http://semarc/title/398947 LEADER 01011nam a2200265 i 4500 001 000000242558 003 CaOOAMICUS 005 20150616000000.0 008 150616s2015 it u000 u ita u 013 $a221463 020 $a978-88-6512-263-1 040 $aSeMil$bita 100 1 $aScola, Angelo,$c.$0(OLS)http://semarc/name/3364 245 10$aCapaci di infinito /$cAngelo Scola. 260 $aVenezia :$bMarcianum Press,$c2015. 300 $a47 p. ;$c18 cm. 490 0 $aDialogoi ;$v4 650 4$aFede e ragione.$0(OLS)http://semarc/subject/4335 830 0$aDialogoi ;$v4.$0(OLS)http://semarc/title/41787 850 $aSeMil 852 $aSeMil$W1$xVenegono$y1$m2F IV 362$j192904$B192904$CSeMilBibl$Z2$F203870 $81 961 $aOmaggio: Scola Card. Angelo 996 $6020$a978-88-6512-263-1$9(OLS)http://semarc/number/249923 996 $6245$aCapaci di infinito$9(OLS)http://semarc/title/344319 996 $6260$aVenezia :$bMarcianum Press$9(OLS)http://semarc/publisher/31536